000 00329nam a2200121Ia 4500
008 240731s9999 xx 000 0 und d
022 _a2471-1624
245 0 _aInternational Journal of Kinesiology in Higher Education
260 _bRoutledge
856 _uhttps://www.tandfonline.com/loi/ukhe20
942 _2ddc
942 _cTFEJ
999 _c77156
_d77156
945 _a1
_bMadushi Gamage
_c1
_dMadushi Gamage